000
00217 a2200097 4500
001
20104
100
_a
Mahmood S F
245
_a
Tarrikh Adbeyat Musalmanaan
260
_a
_b
Punjab University
_c
090
_c
14698
_d
14698
942
_a
NUST-CAE
_c
M
_c
5222
999
_c
255177
_d
255177